=LDR 00000nam 2200000 4500 =001 INLIS000000000028361 =005 20201102022622 =035 ##$$a 0010-061300000028361 =008 201102################g##########0#ind## =041 ##$$a Ind =082 ##$$a 306.8 =090 ##$$a 306.8, Han p =100 1#$$a Hanum, Sri Handayani =245 1#$$a Perkawinan usia belia /$c Sri Handayani Hanum =260 ##$$a Yogyakarta :$b UGM Press,$c 1997 =300 ##$$a vii, 80 hlm. ; $c 16,5x24 cm. =650 #4$$a Perkawinan Remaja =850 ##$$a NBPNMAT =020 ##$$a 979-8368-30-4 =084 ##$$a 306.8 HAN p =504 ##$$a Bibliografi : hlm. 79 - 80 =990 ##$$a 107.097/Hd.97 =990 ##$$a 107.097/Hd.97